Discurso sobre la necesidad de una descripción completa de la cordillera de Sierra-Morena (Record no. 189574)

MARC details
000 -LEADER
campo de control de longitud fija 00989nam a2200181 i 4500
001 - NÚMERO DE CONTROL
campo de control 189574
003 - IDENTIFICADOR DE NÚMERO DE CONTROL
campo de control ES-MaACL
005 - FECHA Y HORA DE LA ÚLTIMA TRANSACCIÓN
campo de control 20250805063328.0
008 - DATOS DE LONGITUD FIJA--INFORMACIÓN GENERAL
campo de control de longitud fija 190620s1857 sp f |||| | spa d
100 1# - ENTRADA PRINCIPAL--NOMBRE DE PERSONA
Nombre de persona Naranjo y Garza, Felipe,
Fechas asociadas al nombre 1809-1877
9 (RLIN) 141837
245 10 - MENCIÓN DEL TÍTULO
Título Discurso sobre la necesidad de una descripción completa de la cordillera de Sierra-Morena
Resto del título : con relación a los tres reinos de la historia natural /
Mención de responsabilidad, etc. leído por... Felipe Naranjo y Garza en la sesión pública de su recepción como académico numerario,... el día 11 de enero de 1857.
260 ## - PUBLICACIÓN, DISTRIBUCIÓN, ETC.
Lugar de publicación, distribución, etc. Madrid :
Nombre del editor, distribuidor, etc. Imp., Fund. y Lib. de Don Eusebio Aguado,
Fecha de publicación, distribución, etc. 1857.
300 ## - DESCRIPCIÓN FÍSICA
Extensión 10 p. ;
Dimensiones 28 cm.
594 ## - Nota al título y mención de responsabilidad
Nota al título y mención de responsabilidad Datos tomados de cub.
651 #4 - PUNTO DE ACCESO ADICIONAL DE MATERIA--NOMBRE GEOGRÁFICO
Nombre geográfico Sierra Morena (España)-
Subdivisión general Descripción.
9 (RLIN) 167380
852 ## - LOCALIZACIÓN
Ubicación ES-MaACL
Número de control de estantería L-32448(7)
Nota libre - Enc. cart.
-- . - Legado Federico de Botella y de Hornos
-- - Enc. en un vol. facticio, con tít. en el lomo de: España, geología: memorias varias, 1
Holdings
Estatus retirado Estado de pérdida Estado de daño No para préstamo Colección Biblioteca de origen Biblioteca actual Ubicación en estantería Fecha de adquisición Fuente de adquisición Total de préstamos Signatura topográfica completa Código de barras Visto por última vez Precio de reemplazo Tipo de ítem Koha
        Libros del s. XIX Biblioteca del Ateneo de Madrid Biblioteca del Ateneo de Madrid Depósito 2 20/06/2019     L-32448(7) 1200885 23/02/2023 23/02/2023 Libro impreso antiguo